Times de futebol da cidade de São Paulo - Statistics

Estatísticas Gerais
  • Esse quiz foi jogado 345 vezes
  • A pontuação média é 6 de 12
Estatísticas das Respostas
Ano de fundação Resposta % Correto
1902 AA das Palmeiras
98%
1910 Corinthians
98%
1914 Palmeiras
98%
1930/35 São Paulo
98%
1920 Portuguesa
68%
1924 Juventus
54%
1919 Nacional
34%
2004 Barcelona
10%
1918 Guapira
3%
2001 Força
2%
2007 Leões do Recanto
1%
1930 Vai-Vai
1%
Nenhum quiz correspondente encontrado
Distribuição das Pontuações
Porcentagem de Pessoas com Cada Pontuação
Percentil de Números Respondidos
Sua Pontuação Histórica
Você não jogou esse quiz